000 01031 a2200169 4500
003 Nust
005 20230131133645.0
040 _cNust
082 _a808.83,NIV
100 _aNiven, Frederick
_9108247
245 _aMrs. Barry /
_cFrederick Niven,
260 _aLodon
_bCollins
_c1933
300 _a255 p
505 _aOctober Morning (Page-9), An Only Son (Page-22), Forenoon (Page-32), Afternoon (Page-40), Interlude (Page-49), A Deserving Case (Page-57), New old Cloth (Page-67), A Criminous Clerk (Page-82), The Plain – Clothes man (Page-89), Christmas Eve (Page-95), A Merry Christmas (Page-105), And A Happy New Year (Page-116), The Monkey – Wrench (Page-127), Roundabouts and Swings (Page-142), Ambassador Neil (Page-155), Sudden Wealth (Page-170), Out-Patients (Page-183), The Poor Man Doctor (Page-199), The Little Angel (Page-207), When Other Helpers Fail (Page-217), Consultation (Page-227), Mary Quantock (Page-242), A Rainy Night in Glasgow (Page-248).
650 _aNovel
_92525
942 _2ddc
_cBK
_k808.83,NIV
999 _c191007
_d191007